[Event "SW Nürnberg Süd e.V. 3-SK Nürnberg 1911 "]
[Site "?"]
[Date "2012.12.02"]
[Round "4.6"]
[White "Siptitz, Friedrich"]
[Black "Augustin, Achim"]
[Result "0-1"]
[WhiteElo "1933"]
[BlackElo "1869"]
[PlyCount "100"]
[EventDate "2012.??.??"]
[WhiteTeam "SW Nürnberg Süd e.V. 3"]
[BlackTeam "SK Nürnberg 1911 e.V. 1"]

1. d4 c5 2. e3 e6 3. Nf3 d5 4. b3 f5 5. Bb2 Nf6 6. Nbd2 Be7 7. Bd3 O-O 8. O-O
b6 9. Ne5 Bb7 10. Qe2 Nbd7 11. Ndf3 Nxe5 12. Nxe5 Nd7 13. Rad1 Nxe5 14. dxe5
Qc7 15. c4 d4 16. exd4 cxd4 17. Bxd4 Rad8 18. Bc3 Bc5 19. Rfe1 Qc6 20. Qf1 a5
21. Kh1 g5 22. f3 g4 23. Be2 Rxd1 24. Rxd1 h5 25. Bd4 Rf7 26. Qf2 Be7 27. Bxb6
h4 28. Bd4 h3 29. gxh3 gxf3 30. Rg1+ Kf8 31. Bd3 Rh7 32. Rg3 Bh4 33. Kg1 Bxg3
34. hxg3 Rxh3 35. Bf1 Rh7 36. Be3 Qe4 37. Bf4 Rg7 38. Qc5+ Kg8 39. Qe3 Qc2 40.
Qf2 Qe4 41. Qe3 Rxg3+ 42. Kh2 Qxe3 43. Bxe3 Rg4 44. Bd3 Rg2+ 45. Kh3 Rxa2 46.
c5 Kf7 47. Bb5 Rc2 48. Kg3 Rg2+ 49. Kh3 Rc2 50. Kg3 Rc3 0-1

[Event "SW Nürnberg Süd e.V. 3-SK Nürnberg 1911 "]
[Site "?"]
[Date "2012.12.02"]
[Round "4.7"]
[White "Wißmeier, Bernd"]
[Black "Pidtoptanyy, Igor"]
[Result "1-0"]
[WhiteElo "1899"]
[BlackElo "1879"]
[PlyCount "65"]
[EventDate "2012.??.??"]
[WhiteTeam "SK Nürnberg 1911 e.V. 1"]
[BlackTeam "SW Nürnberg Süd e.V. 3"]

1. e4 e6 2. d3 d5 3. Nd2 Nf6 4. f4 b6 5. e5 Nfd7 6. Ngf3 Be7 7. g3 Bb7 8. Bg2
c5 9. O-O Nc6 10. Qe2 Qc7 11. c3 Ba6 12. c4 d4 13. Ne4 Bb7 14. Bh3 g6 15. Nfg5
h6 16. Nf3 O-O-O 17. a3 Rdg8 18. b4 cxb4 19. axb4 Bxb4 20. Ba3 Bxa3 21. Rxa3
Kb8 22. Bg2 Nc5 23. Nd6 Ba8 24. Qb2 Nb7 25. Nb5 Qe7 26. Rfa1 Nc5 27. Nxa7 Nxa7
28. Qxb6+ Bb7 29. Rxa7 Kc8 30. Nxd4 Qc7 31. Qxc7+ Kxc7 32. Nb3 Ra8 33. Nxc5 1-0

[Event "SW Nürnberg Süd e.V. 3-SK Nürnberg 1911 "]
[Site "?"]
[Date "2012.12.02"]
[Round "4.8"]
[White "Meulner, Fabian"]
[Black "Hannweber, Markus"]
[Result "1-0"]
[WhiteElo "1723"]
[BlackElo "1826"]
[PlyCount "99"]
[EventDate "2012.??.??"]
[WhiteTeam "SW Nürnberg Süd e.V. 3"]
[BlackTeam "SK Nürnberg 1911 e.V. 1"]

1. d4 Nf6 2. Bg5 g6 3. Bxf6 exf6 4. e3 b6 5. Be2 Bb7 6. Bf3 Bxf3 7. Qxf3 Nc6 8.
c3 Bg7 9. Ne2 O-O 10. Nd2 f5 11. h4 Ne7 12. Nf4 d5 13. h5 g5 14. h6 Bh8 15. Nh5
Qd7 16. Ng7 f6 17. O-O-O Rf7 18. Nh5 Ng6 19. g3 c6 20. Kb1 a5 21. c4 Ne7 22.
Rdg1 Qe6 23. g4 fxg4 24. Qxg4 Qxg4 25. Rxg4 Kf8 26. cxd5 Nxd5 27. Rc1 Rc7 28.
a3 Ne7 29. Rgg1 Kf7 30. Nf3 Rac8 31. Ng3 Kg6 32. Ne4 Rd8 33. Rh1 Nf5 34. Rcg1
Re8 35. Nfxg5 fxg5 36. Rxg5+ Kf7 37. Rxf5+ Ke6 38. Rf4 Rg8 39. Ng3 c5 40. Rc1
Bf6 41. d5+ Kf7 42. Nh5 Rg6 43. Nxf6 Rxf6 44. Rxf6+ Kxf6 45. Rg1 Rd7 46. e4 Ke5
47. Rg7 Rd6 48. Re7+ Kd4 49. Re6 Rd7 50. d6 1-0

[Event "SW Nürnberg Süd e.V. 2-SF Fürth 1951 e.V"]
[Site "?"]
[Date "2012.12.02"]
[Round "4.1"]
[White "Wittmann, Karl"]
[Black "Redzepovic, Irfan"]
[Result "1-0"]
[WhiteElo "2025"]
[BlackElo "2094"]
[Annotator "Galaxy,Super"]
[PlyCount "43"]
[EventDate "2012.??.??"]
[WhiteTeam "SF Fürth 1951 e.V. 1"]
[BlackTeam "SW Nürnberg Süd e.V. 2"]

1. e4 e5 2. Nf3 Nc6 3. Bc4 Bc5 4. c3 Nf6 5. d3 d6 6. Nbd2 a6 7. Bb3 Qe7 8. O-O
Bg4 9. Re1 Nd8 10. Nf1 Ne6 11. h3 Bh5 12. Ng3 Bg6 13. Nh4 O-O-O 14. Nhf5 Qd7
15. Qf3 h5 16. h4 Ng4 17. Be3 Nxe3 18. fxe3 Ba7 19. d4 c6 20. Bxe6 Qxe6 21.
Nxg7 Qe7 22. N7f5 {Rest unleserlich} 1-0

[Event "SW Nürnberg Süd e.V. 2-SF Fürth 1951 e.V"]
[Site "?"]
[Date "2012.12.02"]
[Round "4.2"]
[White "Erlbeck, Peter"]
[Black "Kuehn, Daniel"]
[Result "1/2-1/2"]
[WhiteElo "2043"]
[BlackElo "2058"]
[PlyCount "88"]
[EventDate "2012.??.??"]
[WhiteTeam "SW Nürnberg Süd e.V. 2"]
[BlackTeam "SF Fürth 1951 e.V. 1"]

1. e4 e5 2. Nf3 Nc6 3. Bb5 a6 4. Bxc6 dxc6 5. O-O Qd6 6. Na3 Be6 7. d3 f6 8.
Be3 c5 9. Qe2 Ne7 10. c3 Nc6 11. Nc2 Bg4 12. Rfd1 Qe6 13. Bd2 Bd6 14. Ne3 Bh5
15. Nf5 O-O 16. Be3 Ne7 17. Ng3 Bf7 18. Nh4 g6 19. Rf1 c4 20. dxc4 Qxc4 21.
Qxc4 Bxc4 22. Rfd1 f5 23. exf5 Nxf5 24. Nhxf5 gxf5 25. Bg5 Kg7 26. b3 Bb5 27.
c4 Bc6 28. Bd2 f4 29. Nf1 Rf5 30. Bc3 Kf7 31. b4 Rg8 32. g3 b6 33. a4 h5 34. a5
b5 35. c5 Be7 36. Ra2 h4 37. Re1 e4 38. Bd4 e3 39. fxe3 hxg3 40. hxg3 fxg3 41.
e4 Rf4 42. Be5 Rxe4 43. Rxe4 Bxe4 44. Nxg3 c6 1/2-1/2

[Event "SW Nürnberg Süd e.V. 2-SF Fürth 1951 e.V"]
[Site "?"]
[Date "2012.12.02"]
[Round "4.3"]
[White "Basting, Steffen"]
[Black "Bolten, Daniel"]
[Result "1/2-1/2"]
[WhiteElo "2022"]
[BlackElo "1977"]
[PlyCount "93"]
[EventDate "2012.??.??"]
[WhiteTeam "SF Fürth 1951 e.V. 1"]
[BlackTeam "SW Nürnberg Süd e.V. 2"]

1. e4 e6 2. d3 d5 3. Nd2 Nf6 4. Ngf3 c5 5. g3 Nc6 6. Bg2 g6 7. O-O Bg7 8. a3
O-O 9. Rb1 Qc7 10. b4 cxb4 11. axb4 dxe4 12. dxe4 Rd8 13. Qe2 Nd4 14. Nxd4 Rxd4
15. c4 e5 16. Bb2 Rd8 17. c5 a5 18. Ra1 Bg4 19. f3 Be6 20. Bc3 axb4 21. Bxb4 b6
22. Rxa8 Rxa8 23. Qe3 bxc5 24. Qxc5 Qxc5+ 25. Bxc5 Nd7 26. Be3 Ra3 27. Re1 Bf8
28. Bf2 Nc5 29. Bf1 Nd3 30. Bxd3 Rxd3 31. Rc1 Ra3 32. Rc2 Ra4 33. g4 h6 34. Rb2
Kg7 35. Rc2 Be7 36. Kg2 Ra3 37. Bc5 Bxc5 38. Rxc5 Rd3 39. Nf1 Kf6 40. Rc2 h5
41. gxh5 gxh5 42. h4 Bd7 43. Rd2 Rxd2+ 44. Nxd2 Bb5 45. Kf2 Ke6 46. Ke3 f6 47.
f4 1/2-1/2

[Event "SW Nürnberg Süd e.V. 2-SF Fürth 1951 e.V"]
[Site "?"]
[Date "2012.12.02"]
[Round "4.6"]
[White "Wörl, Richard"]
[Black "Thiele, Heinz"]
[Result "1-0"]
[WhiteElo "1950"]
[BlackElo "1990"]
[PlyCount "105"]
[EventDate "2012.??.??"]
[WhiteTeam "SW Nürnberg Süd e.V. 2"]
[BlackTeam "SF Fürth 1951 e.V. 1"]

1. e4 g6 2. Bc4 Bg7 3. Ne2 d6 4. O-O Nf6 5. d3 O-O 6. Nbc3 c6 7. a4 a5 8. h3
Na6 9. Be3 Nc7 10. Bb3 e5 11. f4 Be6 12. Bxe6 Nxe6 13. d4 exf4 14. Nxf4 Nxf4
15. Bxf4 Ne8 16. Qd3 Nc7 17. d5 Ne8 18. Qe3 c5 19. Ne2 Qe7 20. c3 Qc7 21. Bh6
Qe7 22. Bxg7 Kxg7 23. Rae1 Nf6 24. Nf4 Nd7 25. Qg3 Kh8 26. c4 Ne5 27. Qc3 Kg8
28. Nd3 Nxd3 29. Qxd3 Qe5 30. Qc3 f6 31. Qxe5 fxe5 32. Re3 Rxf1+ 33. Kxf1 b6
34. Ke2 Kf7 35. Kf3 Kg7 36. Rb3 Rb8 37. Kg4 Rb7 38. h4 h6 39. h5 Rb8 40. hxg6
Kxg6 41. Kh4 Rb7 42. Rg3+ Kh7 43. Kh5 Rg7 44. Rxg7+ Kxg7 45. g4 Kh7 46. g5 hxg5
47. Kxg5 Kg7 48. Kf5 Kf7 49. b3 Ke7 50. Kg6 Ke8 51. Kf6 Kd7 52. Kf7 Kd8 53. Ke6
1-0

[Event "SW Nürnberg Süd e.V. 2-SF Fürth 1951 e.V"]
[Site "?"]
[Date "2012.12.02"]
[Round "4.7"]
[White "Kirbach, Thomas"]
[Black "Klein, Waldemar"]
[Result "1/2-1/2"]
[WhiteElo "1936"]
[BlackElo "1927"]
[PlyCount "29"]
[EventDate "2012.??.??"]
[WhiteTeam "SF Fürth 1951 e.V. 1"]
[BlackTeam "SW Nürnberg Süd e.V. 2"]

1. d4 d5 2. c4 e6 3. Nc3 c6 4. Nf3 Nf6 5. Bg5 Be7 6. e3 Nbd7 7. Bd3 h6 8. Bh4
O-O 9. O-O dxc4 10. Bxc4 b5 11. Bd3 Bb7 12. Rc1 Ba6 13. Re1 c5 14. dxc5 Nxc5
15. Bb1 1/2-1/2

[Event "SW Nürnberg Süd e.V. 2-SF Fürth 1951 e.V"]
[Site "?"]
[Date "2012.12.02"]
[Round "4.8"]
[White "Diehl, Achim"]
[Black "Dittmar, Thomas"]
[Result "0-1"]
[WhiteElo "1987"]
[BlackElo "1795"]
[PlyCount "60"]
[EventDate "2012.??.??"]
[WhiteTeam "SW Nürnberg Süd e.V. 2"]
[BlackTeam "SF Fürth 1951 e.V. 1"]

1. e4 c6 2. Nf3 d5 3. exd5 cxd5 4. d4 Nf6 5. Bd3 Bg4 6. c3 Nc6 7. Qb3 Qc7 8.
Nbd2 e6 9. h3 Bh5 10. Nf1 Bxf3 11. gxf3 Bd6 12. Rg1 g6 13. Bg5 Nh5 14. Bh4 Nf4
15. Bb5 O-O 16. Ne3 a6 17. Bf1 b5 18. Bf6 b4 19. Ng4 Rfc8 20. Qd1 bxc3 21. bxc3
e5 22. Be2 Re8 23. Kf1 exd4 24. Bxd4 Nxd4 25. Qxd4 Rxe2 26. Nh6+ Kf8 27. Qh8+
Ke7 28. Qxa8 Qc4 29. Ng8+ Kd7 30. Qb7+ Bc7 0-1